| 000 | 00492cam a2200145 4500500 | ||
|---|---|---|---|
| 005 | 20251214042928.0 | ||
| 041 | _afre | ||
| 042 | _adc | ||
| 100 | 1 | 0 |
_aSlingeneyer, Thibaut _eauthor |
| 245 | 0 | 0 | _aLa pensée abolitionniste hulsmanienne |
| 260 | _c2005. | ||
| 500 | _a48 | ||
| 786 | 0 | _nArchives de politique criminelle | 27 | 1 | 2005-10-01 | p. 5-36 | 0242-5637 | |
| 856 | 4 | 1 | _uhttps://droit.cairn.info/revue-archives-de-politique-criminelle-2005-1-page-5?lang=fr&redirect-ssocas=7080 |
| 999 |
_c1577123 _d1577123 |
||